| 000 | 00453nam a2200169Ia 4500 | ||
|---|---|---|---|
| 008 | 210210b1986 xxu||||| |||| 00| 0 eng d | ||
| 020 | _a0 419 14060 3 | ||
| 082 | _a790.069 TORL | ||
| 100 | _aTORKILDSEN (George). | ||
| 245 | _aLeisure and recreation management. Ed 2. | ||
| 250 | _a | ||
| 260 |
_aLondon. _bE & F N Spon., _c1986 |
||
| 300 | _axx,525 | ||
| 650 | _aLeisure Recreation | ||
| 690 | _aRecreational & Performing Arts | ||
| 906 | _a042253 | ||
| 999 |
_c91970 _d91970 |
||